000
00244nam a2200109Ia 4500
005
20251222155054.0
008
251222s9999||||xx |||||||||||||| ||spa||
082
_a
PED.73
245
0
_a
Desarrollo psicomotriz
264
_b
No tiene
942
_c
LIB
999
_c
37409
_d
37409